| 000 | 00771nam a22002417a 4500 | ||
|---|---|---|---|
| 003 | UA-OsUOA | ||
| 001 | 104744 | ||
| 007 | ta | ||
| 008 | 20140129b un ||||| |||| 00| 0 ukr d | ||
| 090 |
_a821.161.2 _bМ84 |
||
| 942 | _cBK | ||
| 040 |
_aUA-OsUOA _bukr _cUA-OsUOA _dUA-OsUOA |
||
| 245 |
_aМости в Україну _cукл: В. Білецький, В. Боднарук, Б. Боднарук |
||
| 300 | _a116 с. | ||
| 955 | _a2 | ||
| 041 | _aukr | ||
| 080 | _a821.161.2 | ||
| 020 | _a978-966-317-171-5 | ||
| 260 |
_aДонецьк _bУкраїнський Культурологічний Центр _c2013 |
||
| 250 | _nвид. 2-ге, доповнене | ||
| 650 | 7 |
_a82 Література. Літературознавство _2UDC |
|
| 999 |
_c390969 _d390969 |
||